LEADER 00840naa a2200205 u 4500 001 000000096897 003 CaOOAMICUS 005 20070226130148.0 008 050215s1970 it u000 u ita u 035 $a11027852 040 $aIAR$bita 100 1 $aMasini, Ferruccio,$d1938-1988.$0(OLS)http://pul/name/5691 245 10$aAporie e progetto utopico ne >L'Uomo senza qualitą< di R. Musil /$cFerruccio Masini. 260 $aParma :$bStudium Parmense,$c1970. 300 $aS. 103-168 ;$c25 cm 773 0 $aAporie della filosofia contemporanea. 773 0 $tQuaderni di Filosofia (Studium Parmense)$g4 773 0 $tAporie della filosofia contemporanea$w()58414 996 $6245$aAporie e progetto utopico ne >L'Uomo senza qualitą< di R. Musil$9(OLS)http://pul/title/123779 996 $6260$aParma :$bStudium Parmense$9(OLS)http://pul/publisher/69637 LEADER 01356nam a2200325 u 4500 001 000000060493 003 CaOOAMICUS 005 20070226120922.0 008 010724s1996 it u000 u ita u 020 $a8870304922 035 $a10898397 040 $aPUL(R)$bita 041 1 $aita$hfre 100 1 $aMaritain, Jacques,$d1882-1973.$0(OLS)http://pul/name/868 245 13$aLe cose del cielo :$briflessioni sulla vita eterna /$cJacques Maritain ; a cura di Nora Possenti Ghighia. 260 $aMilano :$bMassimo,$c1996. 300 $a160 p. ;$c21 cm 504 $aBibliografia in nota. 650 4$aImmortalitą.$0(OLS)http://pul/subject/735 650 4$aEscatologia.$0(OLS)http://pul/subject/791 650 4$aAnima (filosofia).$0(OLS)http://pul/subject/23306 850 $aPUL 852 $aPUL$W1$xDP1 Fondo Bordoni$y120$m1 A 34$j41522$qFondi$B171275$CPULBib$Z2$F171275 $HBOR1472 $81 852 $aPUL$W1$xSL Religione 1$y3$m56 M 67$j78876$nBK-PRI$b $qStampati$B78876$CPULBib$Z2$F78876 $H $81 941 1 $a1 941 1 $a8 961 $aINV: 74666 996 $6020$a8870304922$9(OLS)http://pul/number/77989 996 $6245$aLe cose del cielo :$briflessioni sulla vita eterna$9(OLS)http://pul/title/80855 996 $6260$aMilano :$bMassimo$9(OLS)http://pul/publisher/48143